UBT Library

Digital electronics demystified / (Record no. 428)

000 -LEADER
fixed length control field 00583nam a22002057a 4500
005 - DATE AND TIME OF LATEST TRANSACTION
control field 20140314090948.0
008 - FIXED-LENGTH DATA ELEMENTS--GENERAL INFORMATION
fixed length control field 050321s2005 nyua e 001 0 eng d
020 ## - INTERNATIONAL STANDARD BOOK NUMBER
International Standard Book Number 0071441417
080 ## - UNIVERSAL DECIMAL CLASSIFICATION NUMBER
Universal Decimal Classification number 612.38
100 1# - Rafti
Rafti Predko, Michael.
245 10 - TITLE STATEMENT
Title Digital electronics demystified /
Statement of responsibility, etc Myke Predko.
250 ## -
-- 1 st.ed.;
260 ## -
-- New York :
-- McGraw-Hill,
-- 2005.
300 ## -
-- 370 f. :
-- me il.;
-- 23 cm.
500 ## -
-- Përfshin indeksin f.361-370
650 #0 -
-- Elektronika,
650 #0 -
-- Elektronika Dixhitale,
830 #0 -
-- McGraw-Hill "Demystified" series.
942 ## - ADDED ENTRY ELEMENTS (KOHA)
Source of classification or shelving scheme
Item type Books
Holdings
Withdrawn status Lost status Source of classification or shelving scheme Damaged status Not for loan Collection code Permanent location Current location Shelving location Date acquired Total Checkouts Full call number Barcode Date last seen Price effective from Koha item type
          Koleksioni i përgjithshem UBT - Ferizaj UBT - Ferizaj Koleksioni i përgjithshem 03/14/2014   621.38 PRE 003000221 03/14/2014 03/14/2014 Books
          Koleksioni i përgjithshem UBT - Ferizaj UBT - Ferizaj Koleksioni i përgjithshem 03/14/2014   621.38 PRE 003000222 03/14/2014 03/14/2014 Books
          Koleksioni i përgjithshem UBT - Ferizaj UBT - Ferizaj Koleksioni i përgjithshem 03/14/2014   621.38 PRE 003000223 03/14/2014 03/14/2014 Books
          Koleksioni i përgjithshem UBT - Ferizaj UBT - Ferizaj Koleksioni i përgjithshem 03/14/2014   621.38 PRE 003000224 03/14/2014 03/14/2014 Books
          Koleksioni i përgjithshem UBT - Ferizaj UBT - Ferizaj Koleksioni i përgjithshem 03/14/2014   621.38 PRE 003000225 03/14/2014 03/14/2014 Books
          Koleksioni i përgjithshem UBT - Ferizaj UBT - Ferizaj Koleksioni i përgjithshem 03/14/2014   621.38 PRE 003000226 03/14/2014 03/14/2014 Books
          Koleksioni i përgjithshem UBT - Ferizaj UBT - Ferizaj Koleksioni i përgjithshem 03/14/2014   621.38 PRE 003000227 03/14/2014 03/14/2014 Books
          Koleksioni i përgjithshem UBT - Ferizaj UBT - Ferizaj Koleksioni i përgjithshem 03/14/2014   621.38 PRE 003000228 03/14/2014 03/14/2014 Books
          Koleksioni i përgjithshem UBT - Ferizaj UBT - Ferizaj Koleksioni i përgjithshem 03/14/2014   621.38 PRE 003000229 03/14/2014 03/14/2014 Books
          Koleksioni i përgjithshem UBT - Ferizaj UBT - Ferizaj Koleksioni i përgjithshem 03/14/2014   621.38 PRE 003000230 03/14/2014 03/14/2014 Books
UBT Library © 2015-2024. All rights reserved University Education for Business and Technology